កំនាព្យខ្មែរ / (Record no. 6113)

MARC details
000 -LEADER
fixed length control field 02034nam a22002657a 4500
001 - CONTROL NUMBER
control field 6113
003 - CONTROL NUMBER IDENTIFIER
control field FISKH
005 - DATE AND TIME OF LATEST TRANSACTION
control field 20250508165900.0
008 - FIXED-LENGTH DATA ELEMENTS--GENERAL INFORMATION
fixed length control field 250314b cb ||||| |||| 00| 0 eng d
040 ## - CATALOGING SOURCE
Original cataloging agency FISKH
Language of cataloging Khmer
Transcribing agency FISKH
Modifying agency FISKH
050 ## - LIBRARY OF CONGRESS CALL NUMBER
Classification number PZ7
082 ## - DEWEY DECIMAL CLASSIFICATION NUMBER
Classification number 800
100 ## - MAIN ENTRY--PERSONAL NAME
Personal name Somoni, Ly
245 ## - TITLE STATEMENT
Title កំនាព្យខ្មែរ /
Statement of responsibility, etc. ដោយ​ លី សុមុនី
250 ## - EDITION STATEMENT
Edition statement បោះពុម្ពផ្សាយឡើងវិញតាមច្បាប់ដើម ដោយគ្រឹះស្ថានបោះពុម្ព និងចែកផ្សាយនៃក្រសួងអប់រំ យុវជន និងកីឡា
260 ## - PUBLICATION, DISTRIBUTION, ETC.
Place of publication, distribution, etc. ភ្នំពេញ :
Name of publisher, distributor, etc. ក្រសួងអប់រំ យុវជន និងកីឡា​ ,
Date of publication, distribution, etc. ២០០៩​ .
300 ## - PHYSICAL DESCRIPTION
Extent 189 pages :
Other physical details illustrations ;
Dimensions 25 cm .
520 ## - SUMMARY, ETC.
Summary, etc. សៀវភៅនេះមានគោលបំណងផ្តល់ការយល់ដឹងអំពីកំណាព្យខ្មែរនៅក្នុងបរិបទប្រវត្តិសាស្ត្រ និងវប្បធម៌ខ្មែរ។ វាជាឧបករណ៍សម្រាប់អ្នកស្រាវជ្រាវ និងអ្នកចាប់អារម្មណ៍លើវប្បធម៌ខ្មែរដែលចង់ស្វែងយល់ពីប្រវត្តិ និងអត្ថន័យរបស់កំណាព្យក្នុងសង្គមខ្មែរ។
520 ## - SUMMARY, ETC.
Summary, etc. This book aims to provide an understanding of Khmer poetry within the context of Cambodian history and culture. It serves as a resource for researchers and those interested in Khmer culture who wish to explore the history and meaning of poetry in Khmer society.
650 ## - SUBJECT ADDED ENTRY--TOPICAL TERM
Topical term or geographic name entry element Khmer Poetry
650 ## - SUBJECT ADDED ENTRY--TOPICAL TERM
Topical term or geographic name entry element កំនាព្យខ្មែរ
700 ## - ADDED ENTRY--PERSONAL NAME
Personal name Muykheang, So
Relator term គណះកម្មការអក្សរសាស្ត្រ
942 ## - ADDED ENTRY ELEMENTS (KOHA)
Source of classification or shelving scheme Dewey Decimal Classification
Koha item type Khmer Books
Suppress in OPAC No
Holdings
Withdrawn status Lost status Source of classification or shelving scheme Damaged status Not for loan Collection Home library Current library Shelving location Date acquired Total Checkouts Full call number Barcode Date last seen Copy number Price effective from Koha item type
    Dewey Decimal Classification     Khmer Language Books / សៀវភៅភាសាខ្មែរ Footprints International School Library Network Toul Tom Poung Campus Footprints International School Library Network Toul Tom Poung Campus TTP Secondary Khmer Bookshelves 03/14/2025   SOM PZ7 800 FIS05455 03/14/2025 1 03/14/2025 Books
    Dewey Decimal Classification     Khmer Language Books / សៀវភៅភាសាខ្មែរ Footprints International School Library Network Toul Tom Poung Campus Footprints International School Library Network Toul Tom Poung Campus TTP Secondary Khmer Bookshelves 05/08/2025   SOM PZ7 800 FIS05456 05/08/2025 2 05/08/2025 Books